00586nam a2200169 4500001000700000003000900007005001700016007000300033008004100036100004700077245005100124260004700175300002100222852003200243999001900275952012200294117460ES-MaACL20240516063042.0t|070214s1973 sp r ||||1| spa d0 aPedemonte, Hugo Emilio, d1922-199498986510aEscrito sobre el tiempo / cHugo E. Pedemonte. aSevilla : bCatólica Española, c1973. a56 p. ; c21 cm. aES-MaACLjC-54051 bR.87053 c117460d117460 00104070aATENEOMbATENEOMcDEPO2d2008-01-17eSCl0oC-54051p1122461r2023-02-23 00:00:00w2023-02-23yMONOGRAFIA